Т. 2 : Основы проектирования воздушных линий электропередачи. Работа и расчет деревянных опор; Основы механической части воздушных линий электропередачи

Detalles Bibliográficos
Parent link:Основы механической части воздушных линий электропередачи: учебное пособие/ А. А. Глазунов. Т. 2 : Основы проектирования воздушных линий электропередачи. Работа и расчет деревянных опор.— , 1956-1959
Autor Principal: Глазунов А. А. Александр Александрович
Idioma:ruso
Publicado: 1959
Subjects:
Formato: MixedMaterials Libro
KOHA link:https://koha.lib.tpu.ru/cgi-bin/koha/opac-detail.pl?biblionumber=184240

MARC

LEADER 00000nam2a2200000 4500
001 184240
005 20231101223830.0
035 |a (RuTPU)RU\TPU\book\199743 
035 |a RU\TPU\book\328783 
090 |a 184240 
100 |a 20150903d1959 km y0rusy50 ca 
101 0 |a rus 
102 |a RU 
105 |a a z 001zy 
200 0 |a Т. 2 : Основы проектирования воздушных линий электропередачи. Работа и расчет деревянных опор  |f А. А. Глазунов, А. А. Глазунов 
210 |d 1959 
215 |a 240 с.  |c ил. 
320 |a Библиогр.: с. 238-239. 
461 1 |0 (RuTPU)RU\TPU\book\331953  |t Основы механической части воздушных линий электропередачи  |o учебное пособие  |o в 2 т.  |f А. А. Глазунов  |v Т. 2 : Основы проектирования воздушных линий электропередачи. Работа и расчет деревянных опор  |d 1956-1959 
516 1 |a Механическая часть воздушных линий 
606 1 |a Электрические линии передачи  |x Проектирование  |2 stltpush  |3 (RuTPU)RU\TPU\subj\27073  |9 50876 
610 1 |a расчет 
610 1 |a конструкции 
610 1 |a опоры 
610 1 |a провода 
610 1 |a тросы 
610 1 |a грунты 
610 1 |a древесина 
675 |a 621.315.1.001.6  |v 3 
700 1 |a Глазунов  |b А. А.  |g Александр Александрович 
701 1 |a Глазунов  |b А. А.  |g Александр Александрович 
801 1 |a RU  |b 63413507  |c 20100831 
801 2 |a RU  |b 63413507  |c 20190222  |g RCR 
942 |c BK